| 000 | 03430nam a22004577a 4500 | ||
|---|---|---|---|
| 003 | dpl | ||
| 005 | 20080530143524.0 | ||
| 008 | 080530t xxu||||| |||| 00| 0 eng d | ||
| 020 |
_a0340894652 _c85.00 |
||
| 040 | _aDPL | ||
| 082 | _aS | ||
| 100 | _aBlyton, Enid | ||
| 245 |
_aFive go down to the sea / _cby Enid Blyton |
||
| 260 |
_aLondon _bHodder Headline _c2004 |
||
| 270 | _bNew York | ||
| 300 |
_a248p. _c18 cm (Hb) |
||
| 490 | _aThe famous five 12 | ||
| 942 |
_2ddc _cCH _hS _kBLY |
||
| 999 |
_c13234 _d13234 |
||